000 00301nam a2200133Ia 4500
100 _aPanakal/J.A
942 _cBK
654 _aPersonal Management
245 _aReadings in Personal Management
260 _bOrient Longman
_aCalcutta
_c1972
082 _a658.3
300 _a399
546 _aENGLISH
999 _c29612
_d29612